000 00633nam a2200241 i 4500
001 C2-0142808
003 PPAK
005 20180727125659.0
008 980112s1994 enka|||| ||||| | eng d
020 _a0751310468
040 _aPPAK
_beng
_cPPAK
_erda
082 0 4 _a032.02
_223
090 0 0 _a032.02
_bGRI
_dR
100 1 _aGribbin, Mary,
_eauthor
245 1 0 _aTime & space
264 1 _aLondon :
_bDorling Kindersley ,
_c1994
300 _a64 pages :
_bcolour illustrations ;
_c28 cm
336 _2rdacontent
_atext
337 _2rdamedia
_aunmediated
338 _2rdacarrier
_avolume
700 _eauthor
942 _ddc
_cB
999 _c44685
_d44685